00321nam a2200085Ia 4500008004100000245006500041260007500106500004200181546001200223220512s9999 xx 000 0 eng d 0aHow much should you own? Cross-Ownership and Privatization / aMumbai :bIndira Gandhi Institute of Development Research,cMar-12  aMumbai Working Paper No WP-2012-008 aEnglish